| 000 | 00995 a2200217 4500 | ||
|---|---|---|---|
| 020 | _a0304327581 | ||
| 020 | _a9780304327584 | ||
| 082 | 0 | 4 | _a658.5620941 |
| 090 |
_c798 _d798 |
||
| 100 | 1 | _aTeare, Richard. | |
| 245 | 1 | 0 |
_aAchieving quality performance : _blessons from british industry / _cRichard Teare. |
| 260 |
_a[S.l.] : _bCassell, _c1993. |
||
| 300 |
_a172 p. ; _c25 cm. |
||
| 500 | _aPaperback. | ||
| 520 | _aA hands-on approach to total quality management. This text shows why, how and what action is necessary to achieve improved manufacturing and service performance. Designed for managers in industry, it focuses on the practicalities of implementing and sustaining a successful programme. | ||
| 700 | 1 | _aAtkinson, Cyril. | |
| 700 | 1 | _aWestwood, Clive. | |
| 856 | 4 | 0 |
_3Amazon.com _uhttp://www.amazon.com/exec/obidos/ASIN/0304327581/chopaconline-20 |
| 856 | 4 | 0 |
_3Amazon customer reviews _uhttp://www.chopac.org/cgi-bin/tools/azrev.pl?q=0304327581 |
| 942 |
_aNBS _cBK _k658.562 TEA |
||
| 999 |
_c343345 _d343345 |
||